000 00225 a2200109 4500
020 _a9788449433498
041 _aspa
100 _aPaz Torrabadella
245 _aInteligencia emocional en el amor
942 _cBK
952 _74
999 _c19147
_d19147